000 00382nam a2200145Ia 4500
008 240624s9999 xx 000 0 und d
041 _aeng
082 _a344.54 SAR
100 _aSARMA A M
245 _aINDUSTRIAL JURISPRUDENCE AND LABOUR LEGI
250 _a(3rd ed.)
260 _c2004
_aNew Delhi
_bHimalaya Publishing House
300 _a433 : p. : cm. ; 24
365 _cRS
_b25
999 _c13527
_d13527